000 01066cam a22002531 4500
001 gs 34000070
003 DLC
005 20260227111338.0
008 900216s1932 gw a b 000 0 ger c
010 _ags 34000070
035 _a(OCoLC)21075880
040 _aU.S. Geological Survey
_cCU
_dDLC
042 _apremarc
050 0 0 _aQE269.A19
_bP15 hft. 143
082 _a530.1 s
100 1 _aGeller, Adolf.
245 0 4 _aDie deutung der gesteinsanalysen auf grund der molekularwerte und die petrographische systematik auf genetischer grundlage,
_cvon Adolf Geller ... mit 16 abbildungen und 7 tabellen. Herausgegeben von der Preussischen geologischen landesanstalt, schriftleitung: abteilungsdirektor Schmierer.
260 _aBerlin,
_bIm vertrieb bei der Preussischen geologischen landesanstalt,
_c1932.
300 _a58 p. incl. diagrs. 7 tables (part fold.)
_c25 cm.
410 2 0 _aPreussische Geologische Landesanstalt.
_tAbhandlungen n. f.,
_vhft. 143
504 _a"Literaturübersicht": p. 56-58.
650 0 _aRocks
_xAnalysis.
650 0 _aPetrology.
999 _c27082
_d27082